Variétés de pommes - Statistiques

Statistiques générales
  • Ce quiz a été pris 327 fois
  • Le résultat moyen est 4 sur 23
Statistiques - réponses
Production (mt) Variété % Correct
445 000 Golden
86%
145 000 Pink Lady
70%
162 000 Granny
67%
290 000 Gala
53%
40 000 Reinette grise du Canada
37%
14 000 Reine des reinettes
14%
14 000 Boskoop
12%
25 000 Elstar
12%
48 000 Fuji
12%
40 000 Jonagold
12%
18 000 Jazz
8%
20 000 Ariane
6%
48 000 Belchard
5%
89 000 Braeburn
3%
6 000 Choupette
2%
6 000 Goldrush Delisdor
2%
7 000 Idared
2%
6 000 Rubinette
2%
8 000 Tentation
2%
13 000 Honey Crunch
1%
48 000 Rouges
1%
1 000 Cameo
0%
7 000 Joya
0%
Aucun quiz correspondant
Distribution des résultats
% des personnes avec chaque résultat
Percentile par nombre de réponses
Votre historique - résultats
Vous n’avez pas pris ce quiz